Suomen kielen sanontoja #2 - Statistics

Yleistilastot
  • Tätä visaa on pelattu 3 710 kertaa
  • Keskiarvotulos 23 / 30
Vastaustilastot
Sanonta % Oikein
Aloittaa puhtaalta {pöydältä}
98%
Häntä koipien {välissä}
98%
Keinolla millä {hyvänsä}
98%
Osua naulan {kantaan}
98%
Kimpsut ja {kampsut}
96%
Valehdella päin {naamaa}
96%
Aikainen lintu {madon} {nappaa}
94%
Pitää matalaa {profiilia}
92%
Keskellä kirkasta {päivää}
91%
Jäädä {rysän} päältä kiinni
89%
Menneen talven {lumia}
89%
Maksaa potut {pottuina}
87%
{Peukalo} keskellä kämmentä
86%
Samasta puusta {veistetty}
85%
Ennen kuin ehdit {kissaa} sanoa
83%
Haistaa palaneen {käryä}
83%
Syntynyt {kultalusikka} suussa
81%
Ylistää maasta {taivaisiin}
79%
Ojasta {allikkoon}
77%
Viedä {sanat} jonkun suusta
77%
Olla {koira} haudattuna
75%
Lähteä soitelleen {sotaan}
71%
Kurkkua myöten {täynnä}
65%
Tyyni myrskyn {edellä}
64%
Tuoda {leipä} pöytään
51%
Ottaa {silmä} käteen
50%
Paljon melua {tyhjästä}
44%
Mennä {sukset} ristiin
41%
Nousta arvoon {arvaamattomaan}
37%
Näyttää {todelliset} karvansa
35%
Ehtoja vastaavia visoja ei löytynyt
Tulosjakauma
Jokaisen tuloksen saaneiden osuus
Persentiili vastausten määrän mukaan
Tuloshistoriasi
Et ole pelannut tätä visaa